| 000 | 004320000a22001330004500 | ||
|---|---|---|---|
| 090 |
_aAS _bSeriadas |
||
| 245 | 1 | 0 | _aDinámica de elementos en epifitos de un bosque altoandino de la cordillera Oriental de Colombia |
| 041 | 0 | _aEspañol | |
| 700 | 1 |
_aRodríguez, Nelly _92387 |
|
| 700 | 1 |
_aMartín, Carlos _999233 |
|
| 100 | 1 |
_aCaballero Rueda, Luis Martín _999234 |
|
| 942 | _cARTICULO | ||
| 773 | 1 |
_tCaldasia _345 _h1-2 _q311-322 _d1997 _g19 |
|
| 999 |
_c14397 _d14397 |
||